1er Encuentro Internacional de Científicos /
Guardado en:
| Autores Corporativos: | , |
|---|---|
| Formato: | Libro |
| Idioma: | Undetermined |
| Publicado: |
Buenos Aires :
Del Castillo,
1986.
|
| Etiquetas: |
Agregar Etiqueta
Sin Etiquetas, Sea el primero en etiquetar este registro!
|
| LEADER | 00669nam a22001575a 4500 | ||
|---|---|---|---|
| 001 | EEA.libagro010099 | ||
| 005 | 20161003111006.0 | ||
| 008 | 140820s1986####ag#a##########100#0#und#d | ||
| 020 | |a 9509618179 | ||
| 111 | 2 | |a Encuentro Internacional de Científicos |n (1 : |d abril de 1986 : |c Buenos Aires) | |
| 245 | 1 | 0 | |a 1er Encuentro Internacional de Científicos / |c Fundación El Libro. |
| 260 | |a Buenos Aires : |b Del Castillo, |c 1986. | ||
| 300 | |a 176 p. : |b il. ; |c 23 cm. | ||
| 500 | |a Realizado en el marco de la 12º Exposición Feria Internacional de Buenos Aires "El libro, del autor al lector". | ||
| 710 | 2 | |a Fundación El Libro. | |
| 859 | |a AR-BbBCA |b BIB. AGRONOMIA |h 506.31 |i E56 |p C1987/0289 | ||
